Normal view
MARC view
Entry Personal Name
001 - CONTROL NUMBER
- control field: 16749
003 - CONTROL NUMBER IDENTIFIER
- control field: HDC
005 - DATE AND TIME OF LATEST TRANSACTION
- control field: 20230624073505.0
008 - FIXED-LENGTH DATA ELEMENTS
- fixed length control field: 210223|| aca||aabn | a|a d
040 ## - CATALOGING SOURCE
- Original cataloging agency: HDC
- Transcribing agency: HDC
100 ## - HEADING--PERSONAL NAME
- Personal name: Subramaniam, V. Sankara
670 ## - SOURCE DATA FOUND
- Source citation: Work cat.: (HDC): Subramaniam, V. Sankara author, Malaysia: Indian Companies To Undertake Research In Malaysia / by, 2010
